000 01490nam a2200361Ia 4500
001 ebr10587257
003 CaPaEBR
006 m u
007 cr cn|||||||||
008 000225s2000 nyu sb s001 0 eng d
010 _z 00026534
020 _z0791448037 (alk. paper)
020 _z0791448045 (pbk. : alk paper)
020 _z9780791448038
020 _z9780791491522
040 _aCaPaEBR
_cCaPaEBR
035 _a(OCoLC)794701325
050 1 4 _aPN6071.M38
_bM39 2000eb
082 0 4 _a809.3/9356
_221
245 0 0 _aMedical progress and social reality
_h[electronic resource] :
_ba reader in nineteenth-century medicine and literature /
_cedited by Lilian R. Furst.
260 _aAlbany :
_bState University of New York Press,
_cc2000.
300 _axiv, 314 p.
490 0 _aSUNY series, the margins of literature
504 _aIncludes bibliographical references (p. 305-310) and index.
533 _aElectronic reproduction.
_bPalo Alto, Calif. :
_cebrary,
_d2011.
_nAvailable via World Wide Web.
_nAccess may be limited to ebrary affiliated libraries.
650 0 _aMedicine
_vLiterary collections.
650 0 _aLiterature and medicine
_xHistory
_y19th century
_vSources.
650 0 _aMedicine in literature
_vSources.
655 7 _aElectronic books.
_2local
700 1 _aFurst, Lilian R.
710 2 _aebrary, Inc.
856 4 0 _uhttp://site.ebrary.com/lib/rucke/Doc?id=10587257
_zAn electronic book accessible through the World Wide Web; click to view
999 _c107914
_d107914